00302pab a2200121 454500008004000000100001600040245004300056260000900099300001200108362000800120650001400128773003800142180718b1999 xxu||||| |||| 00| 0 eng d aTammi, Timo aOn experimental discourse in economics c1999 ap.62-88 aMar aEconomics aPhilosophy of the Social Sciences